Statistics for Red Things

Click here to take the quiz!

General Stats

  • This quiz has been taken 12 times
  • The average score is 9 of 15

Answer Stats

Answer% Correct
Strawberry
100%
Tomato
92%
Brick
92%
Lady Bug
92%
Raspberry
83%
Sunset
83%
Rose
83%
Hat
75%
Fire Truck
67%
Apples
58%
Cricket ball
50%
Chinese Flag
42%
Guava
17%
Poppy Flowers
8%
Chinese Lamps
0%

Score Distribution

Percentile by Number Answered

Percent of People with Each Score

Your Score History

You have not taken this quiz